Tú Mỡ toàn tập; T3

Gespeichert in:
Bibliographische Detailangaben
1. Verfasser: Tú Mỡ
Format: Buch
Sprache:Undetermined
Veröffentlicht: H. Văn học 1996
Schlagworte:
Tags: Tag hinzufügen
Keine Tags, Fügen Sie den ersten Tag hinzu!
Thư viện lưu trữ: Trung tâm Học liệu Trường Đại học Cần Thơ
LEADER 00465nam a2200181Ia 4500
001 CTU_53107
008 210402s9999 xx 000 0 und d
020 |b 200000 
082 |a 895.9227 
082 |b T500/T3 
100 |a Tú Mỡ 
245 0 |a Tú Mỡ toàn tập; T3 
245 0 |c Tú Mỡ 
260 |a H. 
260 |b Văn học 
260 |c 1996 
650 |a vietnamese literature 
980 |a Trung tâm Học liệu Trường Đại học Cần Thơ